Département ou cours d'eau ou les 2 ? - Statistiques

Statistiques générales
  • Ce quiz a été pris 134 fois
    102 depuis la dernière actualisation
  • Le résultat moyen est 17 sur 27
Statistiques - réponses
Hint Explanation Réponse % Correct
Landes Anciennement couvers de landes Département
81%
Loire Les 2
79%
Durance Cours d'eau
74%
Morbihan Nom d'un golfe Département
73%
Saine Rivière qui se jette dans l'Ain (ne pas confondre avec la Seine...) Cours d'eau
72%
Cantal Nom d'un massif montagneaux Département
69%
Aube Les 2
69%
Charente Les 2
68%
Allier Les 2
67%
Yvelines Nom d'une forêt Département
65%
Doubs Les 2
65%
Ardennes Nom d'un massif montagneaux Département
64%
Orne Les 2
64%
Var Département et fleuve côtier (avec la particularité que le fleuve ne traverse pas le département Les 2
63%
Vilaine Département de l"Ille-et-Vilaine Cours d'eau
62%
Gers Les 2
60%
Creuse Les 2
59%
Essone Les 2
58%
Ain Les 2
58%
Seine Ancien département scindé entre Paris, Hauts de Seine, Seine-Saint-Denis et Val-de-Seine Cours d'eau
54%
Maine pas de département sans la Loire (Maine-et-Loire) Cours d'eau
53%
Garonne Lot-et-Garonne, Tarn-et-Garonne ou Haute-Garonne mais pas département "Garonne" Cours d'eau
50%
Loir Eure-et-Loir, Loir-et-Cher, Loire ou Loiret mais de département "Loir" Cours d'eau
49%
Corrèze Les 2
49%
Meurthe Ancien département (ne pas confondre avec Meurthe-et-Moselle) Cours d'eau
47%
Saône pas de département sans la Loire (Saône-et-Loire) Cours d'eau
45%
Vaucluse Vient du provençal Vau-cluso "La vallée clause" Département
41%
Aucun quiz correspondant
Distribution des résultats
% des personnes avec chaque résultat
Percentile par nombre de réponses
Votre historique - résultats
Vous n’avez pas pris ce quiz depuis la dernière actualisation